000 00841 a2200193 4500
003 Nust
005 20221206095005.0
010 _a 95005291
020 _a0070376581 (H)
040 _cNust
082 0 0 _a621.38154,LEN
100 1 _aLenk, John D.
_957741
245 1 0 _aMcGraw-Hill electronic troubleshooting handbook /
_cJohn D. Lenk.
260 _aNew York :
_bMcGraw-Hill,
_cc1995.
300 _axii, 372 p. :
_bill. ;
_c25 cm.
505 _aIntroduction to Electronic Troubleshooting (Page-1), Television Circuit Troubleshooting (Page-105), VCR Circuit Troubleshooting (Page-179), Camcorder Circuit Troubleshooting (Page-235), CD And DAT Circuit Troubleshooting (Page-271), Digital Circuit Troubleshooting (Page-307), Communications Circuit Troubleshooting (Page-355).
650 0 _aTelecommunication Engineering.
942 _2ddc
_cBK
999 _c182445
_d182445